000 00682nam a2200277Ia 4500
005 20260324124536.0
008 008 260324s9999 xx 000 0 eng d
020 _a9780203865545
037 _aEBOOK
040 _aCRL
040 _beng
040 _cCRL
041 _2eng
041 _aeng
084 _qCRL
100 _aRobyn L. Jones; Paul Potrac; Chris Cushion; Lars Tore Ronglan
_91174560
245 4 _aThe Sociology of Sports Coaching
260 _bTaylor and Francis
260 _c2010
365 _a
365 _b240
856 _uhttp://www.taylorfrancis.com/books/9780203865545
942 _cEBOOK
999 _c1769017
_d1769017